000 00561nam a2200205 a 4500
001 13954
003 CO-ViMGA
008 141112s2004 ck r 000 u spa d
020 _a9580600988
040 _aCO-ViMGA
_bspa
_cCO-ViMGA
082 0 4 _a301.46 R426d
100 1 _aRico S., Maria S.
_920366
245 1 0 _aEl delito de existir
260 _aBogotá; Oveja Negra,
_c1993
300 _a159
590 _aForma de adquisición : Compra
650 1 4 _aNIÑOS INDIGENTES - COLOMBIA
_920367
650 1 4 _aPROBLEMAS SOCIALES - COLOMBIA
_96429
942 _2ddc
_cBK
999 _c24655
_d24655